000
00336nam a2200133Ia 4500
008
240624s9999 xx 000 0 und d
041
_a
eng
082
_a
338.9 AKK
100
_a
AKKUCUK ULAS
245
_a
DEVELOPING SUSTAINABLE VALUE IN ECONOMIC
260
_c
2015
_a
USA
_b
IGI Global
300
_a
xxx, 550 p.; 26 cm.
365
_c
_b
30
999
_c
30262
_d
30262